000 00742nam a2200193Ia 4500
005 20251020182615.0
008 200515s9999 xx 000 0 und d
082 _aSC/691.714/M47
110 _aInstituto Mexicano de la Construcción en Acero, A.C.
245 0 _aManual de construcción en acero
260 _aMéxico, D.F.
260 _c1987
300 _a236
520 _aSe incluyen las tbl. de dimensiones y propiedades de perfiles, las especificaciones para diseño, fabricación y montaje de estructuras de acero para edificaciones y el código de prácticas generales. La elaboración del volumen se ha basado en la información
650 _aACERO
650 _aCONSTRUCCIONES METALICAS
650 _aMANUALES
942 _cLIB
999 _c3462
_d3462